Томск - Турин - Томск. Путь Натальи

Podrobná bibliografie
Další autoři: Борейша В. Б. (редактор)
Shrnutí:Книга в художественно-публицистической форме представляет историю успеха первой томской олимпийской чемпионки - лыжницы Натальи Барановой-Масалкиной. Образ главной героини, непростые перипетии ее жизненного и спортивного пути, приведшего к золотой медали Туринской олимпиады 2006 года, раскрываются на пересечении различных и дополняющих друг друга точек зрения -самой Натальи, авторов книги и десятков людей, причастных к ее судьбе. Органической частью книги выступает фотоальбом, составленный из двух сотен документальных и художественных снимков. Он позволяет читателю воочию познакомиться не только с Натальей и ее окружением, но и с ее первой и второй родиной - селом Кривошеином и городом Томском. Для широкого круга читателей.
Jazyk:ruština
Vydáno: Томск, Аграф-Пресс, 2006
Témata:
Médium: MixedMaterials Kniha
KOHA link:https://koha.lib.tpu.ru/cgi-bin/koha/opac-detail.pl?biblionumber=108489

MARC

LEADER 00000nam0a2200000 4500
001 108489
005 20231101214813.0
010 |a 598693007X 
035 |a (RuTPU)RU\TPU\book\117121 
090 |a 108489 
100 |a 20070122d2006 m y0rusy50 ca 
101 0 |a rus 
102 |a RU 
105 |a a z 000zb 
200 1 |a Томск - Турин - Томск. Путь Натальи  |f под ред. В. Б. Борейша 
210 |a Томск  |c Аграф-Пресс  |d 2006 
215 |a 120 с.  |c ил. 
318 |5 63413507  |a РОССИЯ. ЛИЧНОСТЬ. АКТУАЛЬНО.  |b выставка 
330 |a Книга в художественно-публицистической форме представляет историю успеха первой томской олимпийской чемпионки - лыжницы Натальи Барановой-Масалкиной. Образ главной героини, непростые перипетии ее жизненного и спортивного пути, приведшего к золотой медали Туринской олимпиады 2006 года, раскрываются на пересечении различных и дополняющих друг друга точек зрения -самой Натальи, авторов книги и десятков людей, причастных к ее судьбе. Органической частью книги выступает фотоальбом, составленный из двух сотен документальных и художественных снимков. Он позволяет читателю воочию познакомиться не только с Натальей и ее окружением, но и с ее первой и второй родиной - селом Кривошеином и городом Томском. Для широкого круга читателей. 
600 1 |a Баранова-Масалкина  |b Н. И.  |c российская спортсменка, лыжница  |c чемпионка Зимних Олимпийских игр в Турине  |f 1975-  |g Наталья Ивановна  |y Томск  |2 stltpush  |3 (RuTPU)RU\TPU\pers\18855  |9 7091 
610 1 |a спорт 
610 1 |a лыжный спорт 
610 1 |a олимпиады 
610 1 |a 21 век 
610 1 |a Томск 
675 |a 796.92  |v 3 
686 |a Т3(2Р53)  |v LBC/SL-A  |2 rubbk 
702 1 |a Борейша  |b В. Б.  |4 340 
801 1 |a RU  |b 63413507  |c 20070122  |g PSBO 
801 2 |a RU  |b 63413507  |c 20090617  |g PSBO 
942 |c BK